000 00879nam a2200265 a 4500
001 BRCA_2865
005 20190320204015.0
008 101208s1958----nyua---###---#000-0#eng-#
041 _aeng
044 _anyu
050 4 _aND813.T4
_b.T73 1958
100 1 _aTrapier, Elizabeth du Gué
_98004
245 1 0 _aEl Greco in the Farnese Palace Rome
_cElizabeth Du Gué Trapier.
260 _aNew York
_bHispanic Society of America
_c1958
300 _ap. 74-90
_bil.
_c27 cm.
500 _aRevista inventariada por Banco de México como libro
500 _aReimpreso de la gaceta de Bellas Artes, febrero 1958
500 _aAA31
600 1 4 _aTheotocopulli, Dominico
_cllamado El Greco
_dm. 1614
_98005
650 1 4 _aPintores españoles
_97620
650 1 4 _aGalerías y museos
_zItalia
_97703
651 4 _aRoma (Ciudad)
_xPalazzo Fernese
_98006
902 _aGFM
942 _2lcc
_cB
999 _c2604
_d2604